000 00676nam a2200229Ia 4500
003 OSt
005 20220926000814.0
006 a|||||r|||| 00| 0
007 ta
008 220923b |||||||| |||| 00| 0 eng d
037 _cGeneral Book
040 _aRTL
_cRTL
_beng
041 _2eng
_aeng
082 _aD854.2.g1G.N8, M6
100 _aSinha U p endra Kumar
_9303021
245 0 _aGanga pollution and health hazard
260 _a New Delhi
_bInter-India India
_c1986
300 _axii,96p. Appendix p. 88-90
_ccm.
650 _aComputer Science
942 _hD854.2.g1G.N8, M6
_cGB
_2CC
999 _c599784
_d599784